Pokémon - 6G - Statistiques

Statistiques générales
  • Ce quiz a été pris 11 fois
  • Le résultat moyen est 116 sur 134
Statistiques - réponses
Par images Réponse % Correct
Amphinobi
100%
Bruyverne
100%
Dedenne
100%
Exagide forme Assaut
100%
Exagide forme Parade
100%
Feunnec
100%
Flabébé fleur Blanche
100%
Floette fleur Blanche
100%
Floette fleur Rouge
100%
Goupelin
100%
Méga-Brutalibré
100%
Méga-Floette
100%
Méga-Zygarde
100%
Nymphali
100%
Pandarbare
100%
Sapereau
100%
Sucroquin
100%
Trousselin
100%
Zygarde forme 10%
100%
Zygarde forme 50 %
100%
Braisillon
90%
Brutalibré
90%
Colimucus
90%
Colimucus de Hisui
90%
Couafarel coupe Coeur
90%
Couafarel coupe Étoile
90%
Couafarel coupe Madame
90%
Couafarel coupe Monsieur
90%
Couafarel coupe Pharaon
90%
Couafarel coupe Reine
90%
Croâporal
90%
Diancie
90%
Excavarenne
90%
Flabébé fleur Bleue
90%
Flabébé fleur Jaune
90%
Flabébé fleur Orange
90%
Flabébé fleur Rouge
90%
Flambusard
90%
Flingouste
90%
Floette fleur Éternelle
90%
Floette fleur Jaune
90%
Floette fleur Orange
90%
Florges fleur Blanche
90%
Florges fleur Bleue
90%
Florges fleur Jaune
90%
Florges fleur Orange
90%
Florges fleur Rouge
90%
Grelaçon
90%
Grenousse
90%
Hélionceau
90%
Hoopa Enchaîné
90%
Iguolta
90%
Marisson
90%
Méga-Amphinobi
90%
Méga-Blindépique
90%
Méga-Diancie
90%
Méga-Goupelin
90%
Némélios femelle
90%
Pitrouille
90%
Prismillon motif Archipel
90%
Prismillon motif Blizzard
90%
Prismillon motif Continent
90%
Prismillon motif Cyclone
90%
Prismillon motif Fantaisie
90%
Prismillon motif Glace
90%
Prismillon motif Mangrove
90%
Prismillon motif Métropole
90%
Prismillon motif Pokéball
90%
Prismillon motif Sable
90%
Prismillon motif Sécheresse
90%
Prismillon motif Verdure
90%
Prismillon motif Zénith
90%
Rexillius
90%
Sachanobi
90%
Séracrawl
90%
Séracrawl de Hisui
90%
Venalgue
90%
Volcanion
90%
Xerneas
90%
Yveltal
90%
Zygarde forme Parfaite
90%
Amagara
80%
Banshitrouye
80%
Blindépique
80%
Boguérisse
80%
Brocélôme
80%
Chevroum
80%
Couafarel coupe Demoiselle
80%
Couafarel coupe Diamant
80%
Couafarel coupe Kabuki
80%
Couafarel forme Sauvage
80%
Dimoclès
80%
Dragmara
80%
Floette fleur Bleue
80%
Galvaran
80%
Gamblast
80%
Golgopathe
80%
Hoopa Déchaîné
80%
Kravarech
80%
Lépidonille
80%
Méga-Kravarech
80%
Méga-Mistigrix
80%
Mistigrix mâle
80%
Monorpale
80%
Mucuscule
80%
Muplodocus
80%
Muplodocus de Hisui
80%
Némélios mâle
80%
Opermine
80%
Pandespiègle
80%
Passerouge
80%
Prismillon motif Banquise
80%
Prismillon motif Delta
80%
Prismillon motif Floraison
80%
Prismillon motif Jungle
80%
Prismillon motif Monarchie
80%
Prismillon motif Rivage
80%
Prismillon motif Soleil Levant
80%
Psystigri
80%
Ptyranidur
80%
Roussil
80%
Sepiatop
80%
Sepiatroce
80%
Sonistrelle
80%
Strassie
80%
Cabriolaine
70%
Cocotine
70%
Desséliande
70%
Fluvetin
70%
Méga-Golgopathe
70%
Méga-Sepiatroce
70%
Mistigrix femelle
70%
Pérégrain
70%
Cupcanaille
60%
Aucun quiz correspondant
Distribution des résultats
% des personnes avec chaque résultat
Percentile par nombre de réponses
Votre historique - résultats
Vous n’avez pas pris ce quiz